[Event "Igualada op 15th"]
[Site "Igualada"]
[Date "2020.02.08"]
[Round "5"]
[White "Abreu Sanchez, Leonel Jesus"]
[Black "Torres Palau, Jordi"]
[Result "1-0"]
[WhiteElo "1712"]
[BlackElo "1548"]
[PlyCount "43"]
[EventDate "2020.01.11"]
[EventType "swiss"]
[EventRounds "8"]
[EventCountry "ESP"]
[SourceTitle "CBM 195 Extra"]
[Source "ChessBase"]
[SourceDate "2020.05.31"]
[SourceVersion "1"]
[SourceVersionDate "2020.05.31"]
[SourceQuality "1"]

1. e4 e5 2. Nf3 Nc6 3. d4 exd4 4. c3 dxc3 5. Nxc3 d6 6. Bc4 Qe7 7. 0-0 Be6 8. Nd5 Qd7 9. Bd2 Ne5 10. Nxe5 dxe5 11. Rc1 c6 12. Qe2 Ne7 13. Rfd1 Ng6 14. Ba5 Bxd5 15. exd5 a6 16. dxc6 Qf5 17. cxb7 Rb8 18. Bxa6 Nf4 19. Rc8+ Rxc8 20. bxc8Q+ Qxc8 21. Qb5+ Ke7 22. Bxc8 1-0

[Event "Barcelona Ideal Clave op 21st"]
[Site "Barcelona"]
[Date "2017.10.28"]
[Round "4"]
[White "Febrero Perez, Lluis"]
[Black "Abreu Sanchez, Leonel Jesus"]
[Result "0-1"]
[WhiteElo "1499"]
[BlackElo "1754"]
[PlyCount "72"]
[EventDate "2017.09.30"]
[EventType "swiss"]
[EventRounds "8"]
[EventCountry "ESP"]
[SourceTitle "CBM 181 Extra"]
[Source "ChessBase"]
[SourceDate "2017.12.12"]
[SourceVersion "1"]
[SourceVersionDate "2017.12.12"]
[SourceQuality "1"]

1. e4 e5 2. Nf3 Nf6 3. Nc3 Bb4 4. d3 d6 5. Bd2 Bxc3 6. Bxc3 0-0 7. Be2 Nc6 8. 0-0 Ng4 9. d4 Qe8 10. d5 Ne7 11. Nh4 Nh6 12. Qd2 f5 13. exf5 Nhxf5 14. Nxf5 Bxf5 15. f4 Ng6 16. Bh5 Qe7 17. fxe5 Nxe5 18. Rae1 Qh4 19. Bxe5 Qxh5 20. Bd4 Rae8 21. Qc3 Rxe1 22. Rxe1 Qf7 23. Qg3 Bxc2 24. h4 Bg6 25. Re6 b6 26. h5 Qf1+ 27. Kh2 Rf5 28. Re8+ Kf7 29. hxg6+ Kxe8 30. Qe3+ Kf8 31. Qh3 Qf4+ 32. Kh1 hxg6 33. Qh8+ Ke7 34. Qxg7+ Rf7 35. Qxg6 Qh4+ 36. Kg1 Qxd4+ 0-1

[Event "Moscow op-A"]
[Site "Moscow"]
[Date "2016.02.03"]
[Round "5"]
[White "Abreu Sanchez, Leonel Jesus"]
[Black "Egorov, Pavel"]
[Result "0-1"]
[WhiteElo "1861"]
[BlackElo "2207"]
[PlyCount "140"]
[EventDate "2016.01.30"]
[EventType "swiss"]
[EventRounds "9"]
[EventCountry "RUS"]
[SourceTitle "CBM 170 Extra"]
[Source "ChessBase"]
[SourceDate "2016.02.25"]
[SourceVersion "1"]
[SourceVersionDate "2016.02.25"]
[SourceQuality "1"]

1. d4 Nf6 2. c4 g6 3. Nc3 Bg7 4. e4 d6 5. f3 0-0 6. Bg5 c5 7. d5 e6 8. Qd2 exd5 9. cxd5 a6 10. a4 Qa5 11. Ra3 Nbd7 12. Nh3 Ne5 13. Be2 Bxh3 14. gxh3 Rfe8 15. 0-0 Qb4 16. Nb1 Ned7 17. b3 Qxd2 18. Nxd2 Nxd5 19. Nc4 Nb4 20. Nxd6 Re6 21. Nc4 Ne5 22. Nxe5 Bxe5 23. Bd2 Rd6 24. Bxb4 cxb4 25. Ra2 Rad8 26. f4 Rd2 27. Rxd2 Rxd2 28. Bc4 Bd4+ 29. Kh1 Kg7 30. Re1 Bf2 31. Re2 Rd1+ 32. Kg2 Ba7 33. e5 Rg1+ 34. Kf3 Rf1+ 35. Kg2 Rxf4 36. e6 fxe6 37. Bxe6 Bc5 38. Bc8 b5 39. axb5 axb5 40. Bd7 h5 41. Bxb5 h4 42. Bc4 Kf6 43. Re6+ Kg7 44. Re2 Kh6 45. Be6 g5 46. Bg4 Bd4 47. Bf3 Rf5 48. Bg4 Rf7 49. Re6+ Kg7 50. Re2 Rf4 51. Bf3 Bc3 52. Re4 Rf7 53. Re2 Rd7 54. Bg4 Rd3 55. Be6 Kf6 56. Bc4 Rd4 57. Rf2+ Ke5 58. Re2+ Kf4 59. Rf2+ Ke5 60. Re2+ Kd6 61. Re6+ Kc7 62. Re2 Rxc4 63. bxc4 b3 64. Rf2 Kc6 65. Kf3 b2 66. Rf1 Kc5 67. Ke2 Kxc4 68. Rb1 Be5 69. Kd2 Kb3 70. Kd3 Bf4 0-1

[Event "Moscow op-A"]
[Site "Moscow"]
[Date "2016.02.01"]
[Round "3"]
[White "Ioffe, Ilya"]
[Black "Abreu Sanchez, Leonel Jesus"]
[Result "1-0"]
[WhiteElo "2200"]
[BlackElo "1861"]
[PlyCount "57"]
[EventDate "2016.01.30"]
[EventType "swiss"]
[EventRounds "9"]
[EventCountry "RUS"]
[SourceTitle "CBM 170 Extra"]
[Source "ChessBase"]
[SourceDate "2016.02.25"]
[SourceVersion "1"]
[SourceVersionDate "2016.02.25"]
[SourceQuality "1"]

1. e4 e5 2. Nf3 Nf6 3. Nxe5 d6 4. Nf3 Nxe4 5. Nc3 Nxc3 6. dxc3 Be7 7. Be3 Nc6 8. Qd2 Be6 9. 0-0-0 Qd7 10. Kb1 h6 11. h3 Bf6 12. g4 0-0-0 13. Bg2 a6 14. Nd4 Nxd4 15. Bxd4 Bxd4 16. Qxd4 f5 17. Qa7 c6 18. Rd4 Qc7 19. Rb4 d5 20. Bf1 fxg4 21. Rxb7 Qxb7 22. Bxa6 Qxa6 23. Qxa6+ Kc7 24. Qa7+ Kd6 25. hxg4 Rd7 26. Qa3+ Kc7 27. Re1 Bxg4 28. c4 d4 29. Qg3+ 1-0